| 000 | 00967nam a2200289 a 4500 | ||
|---|---|---|---|
| 001 | BRL_1316 | ||
| 005 | 20190320211138.0 | ||
| 008 | 060114c1976----gt-oab####---#000-0#spa-# | ||
| 041 | _aspa | ||
| 044 | _agt | ||
| 050 | 4 |
_aF1465.3.T4 _b.N48 1976 |
|
| 100 | 1 |
_aNeutze de Rugg, Carmen _926494 |
|
| 245 | 1 | 0 |
_aDiseños en los tejidos indígenas de Guatemala _cCarmen Neutze de Rugg. |
| 250 | _a2a ed. | ||
| 260 |
_aGuatemala, Centro América _bEditorial Universitaria _c1976 |
||
| 300 |
_a107 p. _bil., mapas, fotografías _c22 cm. |
||
| 440 | 0 |
_aColección Problemas y Documentos _v4 _926495 |
|
| 500 | _aAu1580 | ||
| 504 | _aBibliografía: p. 101-107 | ||
| 650 | 1 | 4 |
_aIndustria textil indígena _zGuatemala _926496 |
| 650 | 1 | 4 |
_aIndígenas de América Central _xIndumentaria _zGuatemala _926497 |
| 650 | 1 | 4 |
_aTextiles _zGuatemala _926498 |
| 650 | 1 | 4 |
_aTelas _zGuatemala _926499 |
| 650 | 1 | 4 |
_aTejeduria _xModelos _zGuatemala _926500 |
| 902 | _aGRL | ||
| 942 |
_2lcc _cB |
||
| 999 |
_c10128 _d10128 |
||